Statistics for U.S. General Knowledge Bridges #1

Click here to take the quiz!

General Stats

  • This quiz has been taken 28 times
  • The average score is 16 of 23

Answer Stats

1. What is the third biggest American city?

% Correct

2. Which U.S. State has the most area?

96%

3. Which U.S. State is has the most population?

96%

Mexico

96%

Cali

96%

Alaska

96%

Chicago

96%

4. What country previously occupied the above?

96%

5. Who was the first president of the United States?

96%

George

92%

6. Who wrote the declaration of independence?

92%

Thomas

79%

7. On which day were the Twin Towers attacked ?

79%

We the

63%

911

63%

8. What are the first lines of the Constitution?

63%

9. What is the biggest formerly American Territory?

63%

11. How did George Washington die?

46%

10. Name one of the great lakes.

46%

Phili

46%

Erie

46%

12. Which war killed the most Americans?

29%

Blood

29%

Civil

25%

Score Distribution

Percentile by Number Answered

Percent of People with Each Score

Your Score History

You have not taken this quiz